Catalog

Record Details

Catalog Search



Interactive storytelling jako sociálně pedagogická metoda : bakalářská práce Cover Image Book Book

Interactive storytelling jako sociálně pedagogická metoda : bakalářská práce Milan Kovář ; Vedoucí práce: Marie Ortová

Record details

  • Physical Description: 60 s. grafy a bar. obr. v textu

Content descriptions

Bibliography, etc. Note:
bibliogr. s. 59

Available copies

  • 1 of 1 copy available at Common Catalog SPOK.

Holds

  • 0 current holds with 1 total copy.
Show Only Available Copies
Location Call Number / Copy Notes Barcode Shelving Location Status Due Date
Jabok Library ABP-0405 424480004688 Absolventské práce Reference -

LDR 00830ntm a22 a 4500
0014472
003CZ-PrJAB
00520120713074158.0
008020104s2001 xr e |||| |cze
009cz
035 . ‡a(CONS)4472
035 . ‡aKPS0009200
0410 . ‡acze
10011. ‡76328 ‡aKovář, Milan
110 2. ‡aEvangelická teologická fakulta Univerzity Karlovy
2451 . ‡aInteractive storytelling jako sociálně pedagogická metoda : ‡bbakalářská práce ‡cMilan Kovář ; Vedoucí práce: Marie Ortová
260 . ‡aPraha ‡c2001
300 . ‡a60 s. ‡bgrafy a bar. obr. v textu
504 . ‡abibliogr. s. 59
653 . ‡ainteractive storrytelling ‡apříběhy ‡akomunikace ‡ainternet ‡avirtualita ‡ainformační technologie ‡asociální pedagogika ‡ametody ‡askupinová práce
70011. ‡74205 ‡aOrtová, Marie
999 . ‡a405-d ‡c405-d ‡i424480004688 ‡tP
999 . ‡a485-d ‡c485-d ‡i424480009113 ‡tP
910 . ‡aABG312
901 . ‡a4472 ‡bUnknown ‡c4472 ‡tbiblio

Additional Resources